000 01870 a2200421 04500
003 PE-LiUPU
005 20250731165651.0
008 991231s 1986sp spa d
020 _a8428201234
040 _bspa
_cPE-LiUPU
_dPE-LiUPU
_erda
082 0 4 _a001.4
_220
_bW618e
100 _aWhitney, Frederick Lamson.
_eautor.
_91222
245 1 0 _aElementos de investigación /
_cFrederick Lamson Whitney
250 _aQuinta edición
264 _aBarcelona :
_bOmega S.A.,
_c1983.
300 _a395 páginas :
_bIlustrado ;
_c21 centímetros.
500 _aTítulo original: "The elements of research"
505 _aPensar reflexivo, ciencia e investigación -- Rasgos y aptitudes para la investigación -- El problema investigación -- Valoración de la investigación previa -- Las agendas de procedimientos -- Obtención de datos -- El método descriptivo -- El método histórico -- El método experimental -- El tipo filosófico de investigación -- La investigación tipo pronóstico -- Tipos sociológicos de investigación -- La investigación de tipo creador -- Investigación sobre confección de planes de estudio -- Clasificación del material de investigación -- La memoria de la investigación.
526 _aSEG44
526 _aSEG26
526 _aP151
526 _aP150
526 _aP149
526 _aP146
526 _aP145
526 _aP126
526 _aP125
526 _aP92
526 _aP75
526 _aP74
526 _aP27
526 _aP15
650 1 4 _aInvestigación científica.
700 _aSavé, José.
_etraductor.
_91223
942 _cBK
_2ddc
_n0
980 _623148
_aAnálisis Documental EVILA ACOSTA
_81
_gALBERTO SANCHEZ Responsable de Automatización
999 _c61838
_d61838